000 00443nam a22001577a 4500
005 20260309120258.0
008 260309b |||||||| |||| 00| 0 eng d
020 _a978-0521-41695-5
100 _aAPPEL, ANDREW
245 _aCOMPILING WITH CONTINUATIONS
260 _aNEW YORK
_bCAMBRIDGE UNIVERSITY PRESS
_c1992
300 _aX, 260P
500 _aINCLUDES INDEX
650 _a1. COMPILERS 9COMPUTER PROGRAM LANGUAGE)
942 _2lcc
_cBK
999 _c216814
_d216814